Selling empire (Record no. 553222)

MARC details
000 -LEADER
fixed length control field 00854nam a2200253Ia 4500
003 - CONTROL NUMBER IDENTIFIER
control field OSt
005 - DATE AND TIME OF LATEST TRANSACTION
control field 20220925205808.0
008 - FIXED-LENGTH DATA ELEMENTS--GENERAL INFORMATION
fixed length control field 220923b |||||||| |||| 00| 0 eng d
020 ## - INTERNATIONAL STANDARD BOOK NUMBER
International Standard Book Number 9788125061298
037 ## - SOURCE OF ACQUISITION
Terms of availability General Book
040 ## - CATALOGING SOURCE
Original cataloging agency RTL
Transcribing agency RTL
Language of cataloging eng
041 ## - LANGUAGE CODE
Source of code eng
Language code of text/sound track or separate title eng
100 ## - MAIN ENTRY--PERSONAL NAME
Personal name EACOTT Jonathan
9 (RLIN) 271036
245 #0 - TITLE STATEMENT
Title Selling empire
Remainder of title Indian in the making of Britain and America 1600-1830
260 ## - PUBLICATION, DISTRIBUTION, ETC.
Place of publication, distribution, etc. Huderabad
Name of publisher, distributor, etc. Orient Blackswan
Date of publication, distribution, etc. 2106
300 ## - PHYSICAL DESCRIPTION
Extent vii,455p
Dimensions cm.
500 ## - GENERAL NOTE
General note Bibliography: p 256-274
650 ## - SUBJECT ADDED ENTRY--TOPICAL TERM
Topical term or geographic name entry element Sociology
942 ## - ADDED ENTRY ELEMENTS (KOHA)
Classification part W:77.560j7.M30<-K00, Q6
Koha item type General Books
Source of classification or shelving scheme Colon Classification (CC)
Holdings
Withdrawn status Lost status Damaged status Not for loan Home library Current library Date acquired Source of acquisition Cost, normal purchase price Total Checkouts Full call number Barcode Date last seen Cost, replacement price Price effective from Koha item type
        Ratan Tata Library Ratan Tata Library 2022-09-25 275, 02/02/2018, CLASSIC BOOKS SERVICES 1230.00   W:77.560j7.M30<-K00 Q6 RT1583327 2022-09-25 1230.00 2022-09-25 General Books
Copyright @ Delhi University Library System